000 01924nam0a2200325 i 4500
001 RU\NLR\BIBL_A\011614879
005 20240921193517.0
010 _a9785923802412
_9500
021 _aRU
_b2017-101251
_97301
035 _a(RuMoRGB)009504947
035 _a(NLR Aleph) 011614879
090 _a10952951
_c10952951
100 _a20180131d2017 km y0rusy50 ca
101 0 _arus
102 _aRU
105 _aa|||z|||100zy
200 1 _aМатериалы IX Международного симпозиума НП "Содружество учёных агрохимиков и агроэкологов" "Состояние и динамика плодородия почв в связи с продуктивностью земледелия"
_fНА "Агрохимэкосодружество" [и др.
_gсоставители: к.с.-х.н. А. В. Козлова, д.с.-х.н. А. Х. Яппаров]
210 _aМосква
_cВНИИА
_d2017
215 _a136 с.
_cил., табл.
_d21
320 _aБиблиогр. в конце ст.
606 1 _aПочвы
_jСъезды, совещания и т.п
_xПлодородие
_xАгрохимические показатели
_92489599
_3RU\NLR\AUTH\661477319
686 _aП032.6я431(0)
_2rubbk
686 1 _aП032.6я431(0)
702 1 _4220
_aКозлова
_bА. В.
_cканд. с.-х. наук
_gАлевтина Валерьевна
_9164963
_3RU\NLR\AUTH\770165007
710 0 2 _aСодружество ученых агрохимиков и агроэкологов
_bМеждународный симпозиум "Состояние и динамика плодородия почв в связи с продуктивностью земледелия"
_cМосква
_d9
_eКазань
_f2015
_9588445
_3RU\NLR\AUTH\880462890
942 _cBOOK
980 _aNBR